Statistiques concernant Les stades de Ligue 1

Cliquez ici pour prendre le quiz!

Statistiques générales

  • Ce quiz a été pris 1 329 fois
  • Le résultat moyen est 11 sur 20

Statistiques - réponses

HintRéponse% Correct
PSGParc des Princes
99%
OMStade Vélodrome
93%
ASMStade Louis-II
85%
TFCStadium de Toulouse
81%
ASSEStade Geoffroy-Guichard
79%
OLStade de Gerland
74%
FCNStade de la Beaujoire - Louis Fonteneau
73%
RCLStade Bollaert-Delelis
62%
MHSCStade de la Mosson
62%
LOSCStade Pierre-Mauroy
60%
OGCNAllianz Riviera
59%
EAGStade du Roudourou
59%
SRStade de la route de Lorient
52%
GBStade Jacques Chaban-Delmas
45%
FCLStade du Moustoir
38%
FCMStade Saint-Symphorien
29%
SRStade Auguste-Delaune
27%
SMCStade Michel-d'Ornano
26%
ETGFCParc des Sports d'Annecy
20%
SCBStade Armand-Cesari
17%

Distribution des résultats

Percentile par nombre de réponses

% des personnes avec chaque résultat

Votre développement - résultats

Vous n’avez pas pris ce quiz